[Event "Marianske Lazne IM-B1 22nd"]
[Site "Marianske Lazne"]
[Date "2024.01.18"]
[Round "7"]
[White "Lima, Stefan Moisei Vieir"]
[Black "Ochedzan, Tymon"]
[Result "1/2-1/2"]
[WhiteElo "2173"]
[BlackElo "2166"]
[PlyCount "92"]
[EventDate "2024.01.13"]
[EventType "tourn"]
[EventRounds "9"]
[EventCountry "CZE"]
[EventCategory "1"]
[SourceTitle "CB04_2024"]
[SourceDate "2023.10.16"]
[SourceVersion "1"]
[SourceVersionDate "2023.10.16"]
[SourceQuality "1"]

1. d4 Nf6 2. c4 e6 3. Nf3 c5 4. g3 cxd4 5. Nxd4 d5 6. Bg2 e5 7. Nf3 d4 8. 0-0 Nc6 9. e3 Be7 10. exd4 exd4 11. Re1 0-0 12. Bf4 Be6 13. Nbd2 Qb6 14. Qb3 Nd7 15. Qb5 Rfe8 16. Rad1 Nc5 17. Nb3 Nxb3 18. axb3 Bc5 19. Ng5 Bg4 20. Bd5 Bh5 21. g4 Bg6 22. h4 h6 23. Rxe8+ Rxe8 24. h5 Bxh5 25. Qxb6 Bxb6 26. gxh5 hxg5 27. Bxg5 Re5 28. Bd2 Rxh5 29. Re1 g6 30. b4 Re5 31. Rxe5 Nxe5 32. c5 Bc7 33. Kf1 b6 34. Ke2 Kf8 35. Bf4 Ke7 36. Bg3 f5 37. Bh4+ Kd7 38. Bf6 d3+ 39. Kd2 Ng4 40. Bh4 Bf4+ 41. Kxd3 g5 42. Bg3 Be5 43. f3 Bxg3 44. fxg4 fxg4 45. cxb6 axb6 46. b5 Kd6 1/2-1/2

[Event "Marianske Lazne IM-B1 22nd"]
[Site "Marianske Lazne"]
[Date "2024.01.16"]
[Round "5"]
[White "Ochedzan, Tymon"]
[Black "Jurek, Josef"]
[Result "1-0"]
[WhiteElo "2166"]
[BlackElo "2242"]
[PlyCount "33"]
[EventDate "2024.01.13"]
[EventType "tourn"]
[EventRounds "9"]
[EventCountry "CZE"]
[EventCategory "1"]
[SourceTitle "CB04_2024"]
[SourceDate "2023.10.16"]
[SourceVersion "1"]
[SourceVersionDate "2023.10.16"]
[SourceQuality "1"]

1. e4 e6 2. d4 d5 3. Nc3 Nc6 4. Nf3 Nf6 5. e5 Ne4 6. Ne2 Bd7 7. Nf4 f6 8. Bd3 fxe5 9. dxe5 Qe7 10. 0-0 0-0-0 11. c4 g5 12. cxd5 exd5 13. Nxd5 Qc5 14. Bxe4 Be6 15. Bxg5 Bxd5 16. Bf5+ Kb8 17. Bxd8 1-0

[Event "Marianske Lazne IM-B1 22nd"]
[Site "Marianske Lazne"]
[Date "2024.01.15"]
[Round "3"]
[White "Ochedzan, Tymon"]
[Black "Ashwath, R."]
[Result "1/2-1/2"]
[WhiteElo "2166"]
[BlackElo "2284"]
[PlyCount "213"]
[EventDate "2024.01.13"]
[EventType "tourn"]
[EventRounds "9"]
[EventCountry "CZE"]
[EventCategory "1"]
[SourceTitle "CB04_2024"]
[SourceDate "2023.10.16"]
[SourceVersion "1"]
[SourceVersionDate "2023.10.16"]
[SourceQuality "1"]

1. e4 e5 2. Nf3 Nc6 3. Bb5 Nge7 4. Nc3 Ng6 5. 0-0 Bc5 6. Ba4 0-0 7. Nd5 d6 8. c3 a6 9. d4 Ba7 10. h3 Nce7 11. Bg5 f6 12. Bb3 Nxd5 13. Bxd5+ Kh8 14. Be3 c6 15. Bb3 d5 16. dxe5 Bxe3 17. fxe3 dxe4 18. Qxd8 Rxd8 19. Rad1 Bxh3 20. gxh3 exf3 21. e6 Ne7 22. Kf2 g6 23. Kxf3 Kg7 24. e4 Kf8 25. Ke3 Ng8 26. e5 Ke7 27. Kf4 Rxd1 28. Rxd1 fxe5+ 29. Kxe5 Nf6 30. a4 Rf8 31. a5 g5 32. Rd4 g4 33. hxg4 Rg8 34. Rd2 Rg5+ 35. Kf4 Rxg4+ 36. Kf5 h6 37. Rh2 Rg5+ 38. Kf4 Nh5+ 39. Kf3 Rxa5 40. Rg2 Rg5 41. Rxg5 hxg5 42. Kg4 Nf4 43. Kxg5 Nd3 44. Kf5 a5 45. c4 Nxb2 46. Ke4 a4 47. Ba2 Nd1 48. Kd3 Kxe6 49. Kc2 Ne3+ 50. Kd2 Nf5 51. Kc3 c5 52. Kb2 Ne3 53. Ka3 Nd1 54. Bb1 Ke5 55. Bh7 Kd4 56. Kxa4 Nb2+ 57. Kb5 Nxc4 58. Bg8 Nd6+ 59. Kb6 c4 60. Bh7 Ne4 61. Bg8 Nd6 62. Bh7 Ne4 63. Bg8 Nc5 64. Bh7 c3 65. Bb1 Kc4 66. Bc2 Kb4 67. Bh7 Kc4 68. Bc2 Kd5 69. Bb1 Kd4 70. Bc2 Nd3 71. Kxb7 Ke3 72. Kb6 Kd2 73. Ba4 Kc1 74. Kb5 Ne5 75. Kc5 Kb2 76. Bd1 Nd3+ 77. Kd4 Nb4 78. Kc4 Nc6 79. Kd3 Nb8 80. Kc4 Nd7 81. Kd4 Nf6 82. Ba4 Ng4 83. Bd1 Nh6 84. Kd3 Nf5 85. Ba4 Nd6 86. Bd1 Nb7 87. Kd4 Na5 88. Kd3 Nb3 89. Kc4 Nd2+ 90. Kd3 Nf3 91. Ke3 Nd2 92. Kd3 Nb1 93. Bc2 Na3 94. Bd1 Nb5 95. Ba4 Nd6 96. Bd1 Nb7 97. Kd4 Na5 98. Kd3 Nc6 99. Kc4 Ne7 100. Kd4 Nf5+ 101. Kd3 Nd6 102. Kd4 Nb5+ 103. Kd3 Kc1 104. Ba4 Kb1 105. Kc4 Kb2 106. Kxb5 c2 107. Bxc2 1/2-1/2

[Event "Marianske Lazne IM-B1 22nd"]
[Site "Marianske Lazne"]
[Date "2024.01.14"]
[Round "2"]
[White "Zdybel, Przemyslaw"]
[Black "Ochedzan, Tymon"]
[Result "1-0"]
[WhiteElo "2180"]
[BlackElo "2166"]
[PlyCount "107"]
[EventDate "2024.01.13"]
[EventType "tourn"]
[EventRounds "9"]
[EventCountry "CZE"]
[EventCategory "1"]
[SourceTitle "CB04_2024"]
[SourceDate "2023.10.16"]
[SourceVersion "1"]
[SourceVersionDate "2023.10.16"]
[SourceQuality "1"]

1. e4 c6 2. d4 d5 3. e5 c5 4. dxc5 e6 5. a3 Bxc5 6. b4 Be7 7. Nf3 Nd7 8. c4 dxc4 9. Nc3 a6 10. Bxc4 Qc7 11. Qd4 b5 12. Bd3 Bb7 13. Ne4 Qb6 14. Qb2 Bd5 15. 0-0 f5 16. exf6 Ngxf6 17. Qe2 0-0 18. Re1 Rae8 19. Bb2 Nh5 20. g3 Nhf6 21. Nfg5 Nxe4 22. Nxe4 e5 23. Rad1 Bb7 24. Rd2 Rd8 25. Bb1 Qh6 26. Red1 Bc6 27. Rd6 Bxd6 28. Rxd6 Nf6 29. Rxc6 Kh8 30. Bc1 Qh5 31. Qxh5 Nxh5 32. Bc2 Rc8 33. Rxc8 Rxc8 34. Nc5 a5 35. Bd3 axb4 36. axb4 Nf6 37. Bd2 Nd5 38. Kg2 Nc7 39. Bc3 Nd5 40. Bd2 Nc7 41. Be4 Kg8 42. Bc3 Re8 43. Bc6 Re7 44. Kf1 Kf7 45. Ke2 g5 46. h3 h5 47. Ke3 g4 48. hxg4 hxg4 49. Ke4 Kf6 50. Bb2 Kg6 51. Bxe5 Kg5 52. Kd4 Kf5 53. Be4+ Kg5 54. Bxc7 1-0

[Event "Wch U18"]
[Site "Montesilvano"]
[Date "2023.11.17"]
[Round "5"]
[White "Olsson, William"]
[Black "Ochedzan, Tymon"]
[Result "1/2-1/2"]
[WhiteElo "2372"]
[BlackElo "2190"]
[PlyCount "106"]
[EventDate "2023.11.13"]
[EventType "swiss"]
[EventRounds "11"]
[EventCountry "ITA"]
[SourceTitle "CB48_2023"]
[SourceDate "2023.11.29"]
[SourceVersion "1"]
[SourceVersionDate "2023.11.29"]
[SourceQuality "1"]

1. c4 e5 2. g3 Nf6 3. Bg2 d5 4. cxd5 Nxd5 5. Nf3 Nc6 6. 0-0 Nb6 7. b3 Bg4 8. Bb2 Qe7 9. Nc3 0-0-0 10. h3 Be6 11. d3 h5 12. Rc1 f6 13. Ne4 Qd7 14. Kh2 Be7 15. Nc5 Bxc5 16. Rxc5 e4 17. Nh4 exd3 18. Ng6 Rhe8 19. e4 Bf7 20. Nf4 h4 21. Nd5 Nxd5 22. exd5 Nb4 23. d6 hxg3+ 24. fxg3 Qxd6 25. Qg4+ Kb8 26. Qxb4 b6 27. Rb5 Re2 28. Qxd6 Rxd6 29. Ba3 Rd5 30. Rb4 d2 31. Rd1 Rd7 32. Re4 Rxg2+ 33. Kxg2 Bd5 34. Kf3 f5 35. Rxd2 Bxe4+ 36. Ke3 Rxd2 37. Kxd2 c5 38. Bb2 g6 39. a3 Kc7 40. Be5+ Kc6 41. Kc3 g5 42. Bf6 f4 43. gxf4 gxf4 44. Bg5 f3 45. Be3 Kd5 46. h4 Bg6 47. b4 c4 48. a4 Be8 49. a5 bxa5 50. bxa5 a6 51. Bf2 Bf7 52. Bb6 Kc6 53. h5 Bxh5 1/2-1/2

[Event "Arco op 45th"]
[Site "Arco"]
[Date "2023.10.07"]
[Round "1"]
[White "Ochedzan, Tymon"]
[Black "Trevisan, Stefano"]
[Result "1/2-1/2"]
[WhiteElo "2184"]
[BlackElo "1778"]
[PlyCount "81"]
[EventDate "2023.10.07"]
[EventType "swiss"]
[EventRounds "9"]
[EventCountry "ITA"]
[SourceTitle "Mega2024 Update 01"]
[Source "Chessbase"]
[SourceDate "2023.11.12"]
[SourceVersion "1"]
[SourceVersionDate "2023.11.12"]
[SourceQuality "1"]

1. e4 e6 2. d4 d5 3. Nc3 Bb4 4. e5 c5 5. a3 Bxc3+ 6. bxc3 Ne7 7. Qg4 Kf8 8. h4 Qa5 9. Bd2 Qa4 10. h5 h6 11. Rh3 Nf5 12. Qf4 Nc6 13. g4 Nfe7 14. Rf3 Nd8 15. dxc5 Qxf4 16. Bxf4 Bd7 17. Bd3 Rc8 18. Be3 Nec6 19. Bd4 Na5 20. Ne2 Ke7 21. Nf4 Ndc6 22. Ke2 Nc4 23. Bxc4 dxc4 24. Rb1 Rc7 25. Rg3 Rd8 26. g5 Be8 27. gxh6 gxh6 28. Ke3 Kd7 29. Rgg1 Kc8 30. Rbd1 Ne7 31. Ke2 Ba4 32. Rd2 Nf5 33. f3 Rcd7 34. Rgd1 Kc7 35. Bf2 Bxc2 36. Rxd7+ Rxd7 37. Rxd7+ Kxd7 38. Kd2 Ba4 39. Ng2 Bc6 40. Ke2 Ng7 41. Nf4 1/2-1/2

[Event "EU-ch U18 31st"]
[Site "Mamaia"]
[Date "2023.09.07"]
[Round "3"]
[White "Levin, Guy"]
[Black "Ochedzan, Tymon"]
[Result "1-0"]
[WhiteElo "2411"]
[BlackElo "2220"]
[PlyCount "75"]
[EventDate "2023.09.05"]
[EventType "swiss"]
[EventRounds "9"]
[EventCountry "ROU"]
[SourceTitle "EXT 2024"]
[Source "ChessBase"]
[SourceDate "2023.10.10"]
[SourceVersion "1"]
[SourceVersionDate "2023.10.10"]
[SourceQuality "1"]

1. Nf3 d5 2. g3 Bg4 3. Bg2 c6 4. 0-0 Nd7 5. h3 Bh5 6. d4 e6 7. Nbd2 Ngf6 8. c3 Be7 9. Qe1 0-0 10. e4 dxe4 11. Nxe4 Qb6 12. Nxf6+ Bxf6 13. Qe2 Rad8 14. g4 Bg6 15. g5 Be7 16. Nh4 c5 17. Nxg6 hxg6 18. Be3 cxd4 19. Bxd4 Qc7 20. h4 Nb6 21. Rfd1 Nd5 22. Qe5 Qxe5 23. Bxe5 b5 24. a4 bxa4 25. Bxd5 Rxd5 26. Rxd5 exd5 27. Rxa4 Bc5 28. Ra5 Re8 29. Bc7 Re1+ 30. Kg2 Be7 31. Rxa7 f6 32. Bf4 Kf8 33. Be3 Rb1 34. b4 Bd6 35. h5 fxg5 36. hxg6 g4 37. Bd4 Ke8 38. Rxg7 1-0

[Event "POL-ch Blitz U18"]
[Site "Bydgoszcz"]
[Date "2023.08.31"]
[Round "3"]
[White "Kasprzak, Lukasz"]
[Black "Ochedzan, Tymon"]
[Result "0-1"]
[WhiteElo "1936"]
[BlackElo "2208"]
[PlyCount "46"]
[EventDate "2023.08.28"]
[EventType "swiss"]
[EventRounds "10"]
[EventCountry "POL"]
[SourceTitle "EXT 2024"]
[Source "ChessBase"]
[SourceDate "2023.10.10"]
[SourceVersion "1"]
[SourceVersionDate "2023.10.10"]
[SourceQuality "1"]

1. d4 Nf6 2. c4 e6 3. Nc3 Bb4 4. Qc2 d5 5. Bg5 dxc4 6. e3 b5 7. a3 Bxc3+ 8. Qxc3 0-0 9. Nf3 h6 10. Bxf6 Qxf6 11. b3 Bb7 12. bxc4 bxc4 13. Bxc4 Bxf3 14. gxf3 Qxf3 15. Rg1 Nd7 16. Be2 Qd5 17. Bc4 Qh5 18. Be2 Qxh2 19. Kd2 Nf6 20. Qd3 Rab8 21. Kc2 c5 22. dxc5 Rfc8 23. Kd2 Rd8 0-1

[Event "POL-ch Blitz U18"]
[Site "Bydgoszcz"]
[Date "2023.08.31"]
[Round "2"]
[White "Ochedzan, Tymon"]
[Black "Backiel, Hubert"]
[Result "1-0"]
[WhiteElo "2208"]
[BlackElo "2217"]
[PlyCount "78"]
[EventDate "2023.08.28"]
[EventType "swiss"]
[EventRounds "10"]
[EventCountry "POL"]
[SourceTitle "EXT 2024"]
[Source "ChessBase"]
[SourceDate "2023.10.10"]
[SourceVersion "1"]
[SourceVersionDate "2023.10.10"]
[SourceQuality "1"]

1. e4 c5 2. Nf3 e6 3. d4 cxd4 4. Nxd4 Nf6 5. Nc3 Nc6 6. Nxc6 bxc6 7. e5 Nd5 8. Ne4 Qc7 9. f4 Qb6 10. c4 Bb4+ 11. Ke2 Ba6 12. Kf3 f5 13. Nf2 Ne7 14. Be3 Bc5 15. Bxc5 Qxc5 16. Qd6 Qb6 17. b3 c5 18. Rd1 Bb7+ 19. Ke2 Rd8 20. Rg1 Nc8 21. Qxb6 axb6 22. g4 fxg4 23. Rxg4 0-0 24. Ke3 d5 25. cxd5 exd5 26. Ke2 d4 27. Nd3 Ne7 28. Bg2 Bxg2 29. Rxg2 Nd5 30. Rdg1 g6 31. Kf3 Ra8 32. h4 Kh8 33. h5 gxh5 34. a4 Ne3 35. Rg5 h4 36. e6 Rae8 37. Ne5 Re7 38. Nf7+ Rexf7 39. exf7 h6 1-0

[Event "POL-ch Rapid U18"]
[Site "Bydgoszcz"]
[Date "2023.08.30"]
[Round "10"]
[White "Ochedzan, Tymon"]
[Black "Kacprzak, Kacper"]
[Result "0-1"]
[WhiteElo "2208"]
[BlackElo "2302"]
[PlyCount "136"]
[EventDate "2023.08.28"]
[EventType "swiss"]
[EventRounds "11"]
[EventCountry "POL"]
[SourceTitle "EXT 2024"]
[Source "ChessBase"]
[SourceDate "2023.10.10"]
[SourceVersion "1"]
[SourceVersionDate "2023.10.10"]
[SourceQuality "1"]

1. e4 c5 2. Nf3 d6 3. d4 cxd4 4. Nxd4 Nf6 5. Nc3 a6 6. Bg5 e6 7. f4 b5 8. e5 dxe5 9. fxe5 Qc7 10. exf6 Qe5+ 11. Qe2 Qxg5 12. Ne4 Qe5 13. 0-0-0 Ra7 14. g3 Rd7 15. Nc3 gxf6 16. Nf3 Qxe2 17. Bxe2 Bb7 18. Rhf1 Bc5 19. Bd3 Nc6 20. Rde1 Be7 21. a3 Nd4 22. Nxd4 Rxd4 23. Rd1 Rd8 24. Ne4 f5 25. Nd2 h5 26. Nf3 h4 27. Nxh4 Bxh4 28. gxh4 Rxh4 29. Rf2 Ke7 30. Re1 Be4 31. Kd2 Bxd3 32. cxd3 Kf6 33. Re3 b4 34. axb4 Rxb4 35. Kc2 a5 36. Re1 Rc8+ 37. Kb1 Rb3 38. Rd2 a4 39. Ka2 Rd8 40. d4 Rb4 41. Red1 Rd5 42. Ka3 Rc4 43. b3 axb3 44. Kxb3 Rc8 45. Rd3 Rb5+ 46. Ka2 Rc2+ 47. Ka3 Rxh2 48. Rb3 Rxb3+ 49. Kxb3 f4 50. Kc4 Kf5 51. Kd3 Rh3+ 52. Ke2 Ke4 53. Kf2 Rd3 54. Rh1 Rxd4 55. Rh7 f5 56. Ra7 Rd2+ 57. Ke1 Rd4 58. Ra3 f3 59. Kf2 Rd2+ 60. Ke1 Re2+ 61. Kf1 e5 62. Ra4+ Ke3 63. Ra3+ Kf4 64. Kg1 e4 65. Kf1 Rb2 66. Kg1 Kg3 67. Ra1 e3 68. Kh1 Rh2+ 0-1

[Event "Ustron op-A"]
[Site "Ustron"]
[Date "2023.08.19"]
[Round "9"]
[White "Rog, Bartlomiej"]
[Black "Ochedzan, Tymon"]
[Result "0-1"]
[WhiteElo "2193"]
[BlackElo "2208"]
[PlyCount "126"]
[EventDate "2023.08.11"]
[EventType "swiss"]
[EventRounds "9"]
[EventCountry "POL"]
[SourceTitle "CBM 215 Extra"]
[Source "ChessBase"]
[SourceDate "2023.09.30"]
[SourceVersion "1"]
[SourceVersionDate "2023.09.30"]
[SourceQuality "1"]

1. e4 c5 2. Nc3 a6 3. Nf3 d6 4. g3 g6 5. d4 cxd4 6. Nxd4 Bg7 7. Bg2 Nf6 8. 0-0 0-0 9. h3 Qc7 10. Be3 Nc6 11. Nde2 b5 12. Nd5 Nxd5 13. exd5 Ne5 14. Bd4 Bb7 15. b3 Rac8 16. c3 Nd7 17. Bxg7 Kxg7 18. Qd4+ Nf6 19. a4 Qc5 20. axb5 axb5 21. Ra7 Bxd5 22. Bxd5 Qxd4 23. Nxd4 Nxd5 24. Nxb5 Nxc3 25. Nxc3 Rxc3 26. Rxe7 Rxb3 27. Rd1 Rd8 28. Rd4 Kf8 29. Ra7 Rb1+ 30. Kg2 Re1 31. f4 Re7 32. Ra5 Rc7 33. g4 Rc3 34. Ra6 d5 35. Ra5 Re8 36. Raxd5 Re2+ 37. Kf1 Rh2 38. Rd3 Rc1+ 39. Rd1 Rcc2 40. Kg1 Rcg2+ 41. Kf1 Ra2 42. Kg1 Rxh3 43. R5d3 Rhh2 44. Rg3 Rhe2 45. f5 Ke7 46. fxg6 hxg6 47. Rf1 f6 48. Kh1 Ke6 49. Kg1 Ke5 50. Kh1 Rf2 51. Rxf2 Rxf2 52. Kg1 Re2 53. Kf1 Kf4 54. Rb3 Re4 55. Rb6 Kxg4 56. Rxf6 Rf4+ 57. Rxf4+ Kxf4 58. Kg2 Kg4 59. Kf2 Kh3 60. Kf3 g5 61. Kf2 g4 62. Kg1 Kg3 63. Kh1 Kf2 0-1

[Event "Warsaw Maciei Memorial"]
[Site "Warsaw"]
[Date "2023.07.10"]
[Round "7"]
[White "Ochedzan, Tymon"]
[Black "Tomczak, Jacek"]
[Result "1-0"]
[WhiteElo "2269"]
[BlackElo "2606"]
[PlyCount "89"]
[EventDate "2023.07.10"]
[EventType "swiss (blitz)"]
[EventRounds "11"]
[EventCountry "POL"]
[SourceTitle "CBM 215 Extra"]
[Source "ChessBase"]
[SourceDate "2023.09.30"]
[SourceVersion "1"]
[SourceVersionDate "2023.09.30"]
[SourceQuality "1"]

1. e4 d5 2. exd5 Qxd5 3. Nc3 Qd6 4. d4 Nf6 5. Nf3 g6 6. g3 Bg7 7. Bf4 Qb6 8. Na4 Qa5+ 9. c3 0-0 10. Nc5 c6 11. Bg2 Nd5 12. Bd2 Qc7 13. 0-0 b6 14. Ne4 Nd7 15. c4 N5f6 16. Bf4 Qd8 17. Qe2 Bb7 18. Rfe1 Re8 19. Rad1 Qc8 20. Ne5 Nxe4 21. Qxe4 Nf6 22. Qf3 Nh5 23. Nxc6 Nxf4 24. gxf4 Bf6 25. b4 Qf5 26. b5 a6 27. a4 Qc2 28. Qd3 Qxd3 29. Rxd3 Kg7 30. d5 axb5 31. axb5 Ra4 32. Rc1 Rea8 33. d6 exd6 34. Rxd6 Bb2 35. Re1 Rxc4 36. Rd7 Bc8 37. Rxf7+ Kxf7 38. Bd5+ Kf6 39. Bxc4 Ra4 40. Bd5 Rxf4 41. f3 Bf5 42. Re8 Ra4 43. Kf2 Bc3 44. Rb8 Ra2+ 45. Bxa2 1-0

[Event "Bydgoszcz op-A"]
[Site "Bydgoszcz"]
[Date "2023.07.02"]
[Round "9"]
[White "Ochedzan, Tymon"]
[Black "Dalkowski, Rafal"]
[Result "1/2-1/2"]
[WhiteElo "2310"]
[BlackElo "2017"]
[PlyCount "104"]
[EventDate "2023.06.24"]
[EventType "swiss"]
[EventRounds "9"]
[EventCountry "POL"]
[SourceTitle "CBM 215 Extra"]
[Source "ChessBase"]
[SourceDate "2023.09.30"]
[SourceVersion "1"]
[SourceVersionDate "2023.09.30"]
[SourceQuality "1"]

1. e4 c6 2. d4 d5 3. f3 dxe4 4. fxe4 e5 5. Nf3 Bg4 6. c3 Nd7 7. Bd3 Ngf6 8. 0-0 Bd6 9. h3 Bh5 10. Nbd2 b5 11. a4 a6 12. Qe1 0-0 13. Nh4 Re8 14. Ndf3 Bg6 15. Bg5 Qb6 16. Nxg6 hxg6 17. axb5 axb5 18. Qf2 Rxa1 19. Rxa1 exd4 20. Bxf6 gxf6 21. cxd4 Ne5 22. Be2 Nxf3+ 23. Bxf3 Bb8 24. d5 Qc7 25. dxc6 Qxc6 26. e5 Qe6 27. exf6 Bc7 28. Qd2 Qxf6 29. Ra8 Bb8 30. Ra1 Rd8 31. Qe2 Qd4+ 32. Qf2 Qd6 33. Kf1 Qc7 34. Rd1 Re8 35. Re1 Rf8 36. Bd5 Qd6 37. Rd1 Qe5 38. Qe2 Qf4+ 39. Qf3 Qh2 40. Qf6 Qf4+ 41. Qxf4 Bxf4 42. Bc6 Be5 43. b3 b4 44. Rd7 Kg7 45. Bd5 g5 46. Bc4 Kg6 47. g4 Bf6 48. Kg2 Bc3 49. Kf3 Kf6 50. Rd5 Kg6 51. Bd3+ Kh6 52. Rd7 Kg7 1/2-1/2

[Event "Bydgoszcz op-A"]
[Site "Bydgoszcz"]
[Date "2023.07.01"]
[Round "8"]
[White "Sliwerski, Radoslaw"]
[Black "Ochedzan, Tymon"]
[Result "1-0"]
[WhiteElo "1984"]
[BlackElo "2310"]
[PlyCount "137"]
[EventDate "2023.06.24"]
[EventType "swiss"]
[EventRounds "9"]
[EventCountry "POL"]
[SourceTitle "CBM 215 Extra"]
[Source "ChessBase"]
[SourceDate "2023.09.30"]
[SourceVersion "1"]
[SourceVersionDate "2023.09.30"]
[SourceQuality "1"]

1. d4 Nf6 2. c4 e6 3. Nc3 Bb4 4. f3 c5 5. d5 0-0 6. e4 b5 7. Nh3 bxc4 8. Bxc4 exd5 9. Bxd5 Nxd5 10. Qxd5 Ba6 11. Bf4 Nc6 12. Kf2 Qb6 13. Rhd1 Ba5 14. Rab1 h6 15. Qd6 Nb4 16. Be3 Rfc8 17. Qxb6 axb6 18. Nf4 Rc7 19. a3 Nc2 20. Ncd5 Rb7 21. b4 Nxa3 22. bxa5 Nxb1 23. Nxb6 Nc3 24. Rc1 Rxb6 25. axb6 Na4 26. Nd5 Bb7 27. Nc7 Rb8 28. Bf4 Bc6 29. Nd5 Rb7 30. Ne7+ Kh7 31. Nxc6 dxc6 32. Ra1 Nc3 33. Bc7 Nb5 34. Bd8 Kg6 35. Ra8 f6 36. Rc8 Nd4 37. Bc7 Ne6 38. Rb8 Rxb8 39. Bxb8 Nd8 40. Ke3 Kf7 41. f4 Nb7 42. f5 Na5 43. Kd3 h5 44. h3 Ke7 45. e5 fxe5 46. Bxe5 Kf7 47. g4 hxg4 48. hxg4 g6 49. Ke4 Nb7 50. Kf4 c4 51. Ke4 c3 52. Bxc3 Nd6+ 53. Kf4 gxf5 54. gxf5 Ke8 55. Bb4 Nb7 56. Ke5 Kd7 57. f6 c5 58. Bc3 Nd8 59. Kd5 Nf7 60. Kxc5 Nd8 61. Kb5 Kd6 62. Bb4+ Kd7 63. Be7 Nf7 64. Ka6 Ne5 65. b7 Nc6 66. Kb6 Nb8 67. Ka7 Nc6+ 68. Ka8 Kc7 69. f7 1-0

[Event "Bydgoszcz op-A"]
[Site "Bydgoszcz"]
[Date "2023.06.30"]
[Round "7"]
[White "Ochedzan, Tymon"]
[Black "Kejna, Piotr"]
[Result "0-1"]
[WhiteElo "2310"]
[BlackElo "1991"]
[PlyCount "88"]
[EventDate "2023.06.24"]
[EventType "swiss"]
[EventRounds "9"]
[EventCountry "POL"]
[SourceTitle "CBM 215 Extra"]
[Source "ChessBase"]
[SourceDate "2023.09.30"]
[SourceVersion "1"]
[SourceVersionDate "2023.09.30"]
[SourceQuality "1"]

1. e4 c5 2. Nf3 d6 3. d4 cxd4 4. Nxd4 Nf6 5. Nc3 Nc6 6. Bg5 Qb6 7. Nb3 e6 8. Bxf6 gxf6 9. Qh5 Bd7 10. h4 Ne5 11. Be2 0-0-0 12. f4 Ng6 13. Qf3 h5 14. g3 f5 15. 0-0-0 fxe4 16. Nxe4 Bc6 17. Qc3 Kb8 18. Bf3 Rc8 19. Qd3 d5 20. Ng5 Bb5 21. Qd4 Qc7 22. Rh2 Bd6 23. Kb1 a5 24. Qf2 Be8 25. Qe2 a4 26. Nd4 a3 27. Nb3 Ne7 28. Qd3 Nc6 29. Qc3 Rh6 30. Re2 Qb6 31. Qe3 Qa6 32. Qd3 Qa8 33. c3 axb2 34. Rxb2 Ba3 35. Rg2 Na5 36. f5 Ba4 37. Nxf7 Rf6 38. fxe6 Nxb3 39. axb3 Bxb3 40. Re1 Qa5 41. Qe3 Rxc3 42. Qe5+ Ka8 43. Qxf6 Bc2+ 44. Rxc2 Rb3+ 0-1

[Event "Wch U18 blitz"]
[Site "Batumi"]
[Date "2023.06.11"]
[Round "11"]
[White "Ochedzan, Tymon"]
[Black "Galajyan, Armen"]
[Result "1-0"]
[WhiteElo "2243"]
[BlackElo "2029"]
[PlyCount "143"]
[EventDate "2023.06.10"]
[EventType "swiss (blitz)"]
[EventRounds "11"]
[EventCountry "GEO"]
[SourceTitle "EXT 2024"]
[Source "ChessBase"]
[SourceDate "2023.10.10"]
[SourceVersion "1"]
[SourceVersionDate "2023.10.10"]
[SourceQuality "1"]
[WhiteTeam "Poland"]
[BlackTeam "Armenia"]
[WhiteTeamCountry "POL"]
[BlackTeamCountry "ARM"]

1. e4 e5 2. Nf3 Nc6 3. Bb5 f5 4. Nc3 Nf6 5. Qe2 Qe7 6. Bxc6 bxc6 7. 0-0 d6 8. Re1 c5 9. d3 f4 10. Nd5 Nxd5 11. exd5 Bb7 12. c4 c6 13. dxc6 Bxc6 14. Bxf4 Qf7 15. Bxe5 Bxf3 16. Qxf3 Qxf3 17. Bg3+ Kd7 18. gxf3 Be7 19. Re4 Bf6 20. Rae1 Rab8 21. b3 Rhf8 22. Kg2 a5 23. Bh4 g5 24. Bg3 Rb6 25. h4 h6 26. h5 a4 27. bxa4 Ra8 28. Re6 Rf8 29. Kh3 Ra6 30. Kg4 Rf7 31. Re8 Rxa4 32. Rb8 Ra7 33. Rb6 Be7 34. Re2 Rf8 35. Rxe7+ Kxe7 36. Bxd6+ Kf7 37. Bxf8 Kxf8 38. Rxh6 Rxa2 39. Kxg5 Rxf2 40. f4 Rf3 41. Rd6 Kg7 42. Rd7+ Kh8 43. Rd5 Kg7 44. h6+ Kh7 45. Rd7+ Kh8 46. f5 Kg8 47. Kg6 Rg3+ 48. Kf6 Kh8 49. Ke5 Re3+ 50. Kf4 Rh3 51. Rd6 Kh7 52. Kg5 Rg3+ 53. Kf6 Re3 54. Kg5 Rg3+ 55. Kf4 Rh3 56. Kg4 Rh1 57. Kg5 Rg1+ 58. Kf6 Re1 59. Kf7 Re5 60. Rd5 Re3 61. Rd6 Re5 62. f6 Re3 63. Kf8 Kh8 64. f7 Re2 65. Rd7 Kh7 66. Re7 Ra2 67. Re8 Ra7 68. Rc8 Ra3 69. Ke7 Ra7+ 70. Ke6 Ra6+ 71. Ke5 Rf6 72. Kxf6 1-0

[Event "Wch U18 blitz"]
[Site "Batumi"]
[Date "2023.06.11"]
[Round "10"]
[White "Qalichava, Akaki"]
[Black "Ochedzan, Tymon"]
[Result "1-0"]
[WhiteElo "2124"]
[BlackElo "2243"]
[PlyCount "69"]
[EventDate "2023.06.10"]
[EventType "swiss (blitz)"]
[EventRounds "11"]
[EventCountry "GEO"]
[SourceTitle "EXT 2024"]
[Source "ChessBase"]
[SourceDate "2023.10.10"]
[SourceVersion "1"]
[SourceVersionDate "2023.10.10"]
[SourceQuality "1"]
[WhiteTeam "Georgia"]
[BlackTeam "Poland"]
[WhiteTeamCountry "GEO"]
[BlackTeamCountry "POL"]

1. e4 c5 2. Nf3 d6 3. d4 cxd4 4. Nxd4 Nf6 5. Nc3 a6 6. Bg5 Nbd7 7. Qe2 h6 8. Bh4 g6 9. f4 e5 10. fxe5 dxe5 11. Nb3 Qc7 12. 0-0-0 b5 13. Nd5 Nxd5 14. exd5 Bb7 15. g4 Bd6 16. Bg2 Rc8 17. Kb1 a5 18. Qxb5 Qxc2+ 19. Ka1 Qxg2 20. Qxb7 Rb8 21. Qc6 g5 22. Qxd6 gxh4 23. Rhe1 Qxh2 24. Rd2 Qg3 25. Rde2 f6 26. Nc5 Rh7 27. Nxd7 Rxd7 28. Qxb8+ Kf7 29. Qb5 Qxg4 30. a3 h3 31. Qc6 Re7 32. d6 Qe6 33. Rg1 Rd7 34. Qc8 Qe8 35. Rg7+ 1-0

[Event "Wch U18 blitz"]
[Site "Batumi"]
[Date "2023.06.10"]
[Round "4"]
[White "Tsaruk, Maksim"]
[Black "Ochedzan, Tymon"]
[Result "1-0"]
[WhiteElo "2363"]
[BlackElo "2243"]
[PlyCount "95"]
[EventDate "2023.06.10"]
[EventType "swiss (blitz)"]
[EventRounds "11"]
[EventCountry "GEO"]
[SourceTitle "EXT 2024"]
[Source "ChessBase"]
[SourceDate "2023.10.10"]
[SourceVersion "1"]
[SourceVersionDate "2023.10.10"]
[SourceQuality "1"]
[WhiteTeam "FIDE"]
[BlackTeam "Poland"]
[BlackTeamCountry "POL"]

1. e4 c5 2. Nf3 d6 3. d4 cxd4 4. Nxd4 Nf6 5. Nc3 a6 6. h3 e5 7. Nde2 b5 8. g4 b4 9. Nd5 Nxd5 10. Qxd5 Ra7 11. Be3 Be6 12. Qd2 Rd7 13. Qxb4 d5 14. Bc5 a5 15. Qa3 Bxc5 16. Qxc5 Na6 17. Qb5 Nb4 18. 0-0-0 dxe4 19. Rxd7 Qxd7 20. Nc3 0-0 21. Qxd7 Bxd7 22. a3 Nc6 23. Nxe4 Nd4 24. Bd3 f5 25. gxf5 Bxf5 26. Re1 Nf3 27. Re3 Bxh3 28. Bc4+ Kh8 29. Nd6 Ng5 30. Rxe5 h6 31. Rxa5 Rxf2 32. Ra8+ Kh7 33. Bd3+ g6 34. Ra7+ Kg8 35. b4 Ne6 36. Bxg6 Nd4 37. Bd3 Rf6 38. Ne4 Re6 39. Bc4 Kf8 40. Bxe6 Bxe6 41. Nc5 Bc4 42. Nd7+ Kg8 43. Nf6+ Kf8 44. a4 Be6 45. b5 Bf7 46. b6 Kg7 47. Ne8+ Kf8 48. Nd6 1-0